Pohreb priveľmi nafúknutého strašiaka
Koncepcia rozvoja biopalív a EÚ. Bruselu učarovali nové biopalivá, ktoré ešte nikto nevidel. Biopalivá a zdražovanie potravín. Výroba biopalív v EÚ. Producenti ropy sa tešia - na európskom trhu im biopalivá ďalšie percentá dosť dlho brať nebudú.
Saved in:
| Main Author: | |
|---|---|
| Format: | Book Chapter |
| Language: | Slovak |
| Subjects: | |
| Tags: |
No Tags, Be the first to tag this record!
|
MARC
| LEADER | 00000naa a2200000 4500 | ||
|---|---|---|---|
| 001 | 0160379 | ||
| 005 | 20231113080222.2 | ||
| 041 | 0 | |a slo | |
| 044 | |a SK | ||
| 245 | 1 | 0 | |a Pohreb priveľmi nafúknutého strašiaka |c Ivan Haluza |
| 520 | |a Koncepcia rozvoja biopalív a EÚ. Bruselu učarovali nové biopalivá, ktoré ešte nikto nevidel. Biopalivá a zdražovanie potravín. Výroba biopalív v EÚ. Producenti ropy sa tešia - na európskom trhu im biopalivá ďalšie percentá dosť dlho brať nebudú. | ||
| 610 | 2 | 0 | |a biopalivá |
| 610 | 2 | 0 | |a výroba |
| 610 | 2 | 0 | |a potraviny |
| 610 | 2 | 0 | |a ceny |
| 610 | 2 | 0 | |a Európska únia |
| 100 | 1 | |a Haluza, Ivan | |